000 00356nam a2200145 a 4500
008 990806s1970||||xx 0 und c
040 _aSNK
_bslo
_cSNK
_eAACR2
100 1 _aLagerlöf, Selma
245 1 0 _aPoklad pána Arneho
260 _aBratislava
_bSlovenský spisovateľ
_c1970
300 _a148 s.
020 _c14
044 _axo
_cSK
041 _aslo
999 _c12008
_d12008